Statistics for Bug Type Pokemon

Click here to take the quiz!

General Stats

  • This quiz has been taken 27 times
  • The average score is 65 of 84

Answer Stats

HintAnswer% Correct
KantoBeedrill
100%
KantoButterfree
100%
KantoCaterpie
100%
KantoKakuna
100%
KantoMetapod
100%
KalosScatterbug
100%
KantoWeedle
100%
JohtoAriados
90%
HoennBeautifly
90%
HoennCascoon
90%
AlolaCharjabug
90%
UnovaCrustle
90%
HoennDustox
90%
UnovaDwebble
90%
AlolaGolisopod
90%
SinnohKricketot
90%
SinnohKricketune
90%
KantoParas
90%
KantoParasect
90%
HoennSilcoon
90%
JohtoSpinarak
90%
KalosVivillon
90%
AlolaWimpod
90%
SinnohBurmy
80%
AlolaBuzzwole
80%
UnovaDurant
80%
UnovaGenesect
80%
JohtoHeracross
80%
UnovaLeavanny
80%
HoennMasquerain
80%
HoennNincada
80%
AlolaPheromosa
80%
KantoPinsir
80%
JohtoScizor
80%
UnovaScolipede
80%
KantoScyther
80%
UnovaSewaddle
80%
HoennShedinja
80%
SinnohSkorupi
80%
GalarSnom
80%
KalosSpewpa
80%
HoennSurskit
80%
AlolaVikavolt
80%
UnovaWhirlipede
80%
HoennWurmple
80%
AlolaAraquanid
70%
SinnohCombee
70%
AlolaCutiefly
70%
AlolaDewpider
70%
GalarDottler
70%
JohtoForretress
70%
GalarFrosmoth
70%
UnovaGalvantula
70%
AlolaGrubbin
70%
HoennIllumise
70%
UnovaJoltik
70%
UnovaLarvesta
70%
SinnohMothim
70%
HoennNinjask
70%
GalarOrbeetle
70%
JohtoPineco
70%
AlolaRibombee
70%
UnovaSwadloon
70%
UnovaVenipede
70%
KantoVenomoth
70%
KantoVenonat
70%
SinnohVespiquen
70%
HoennVolbeat
70%
UnovaVolcarona
70%
SinnohWormadam
70%
JohtoYanma
70%
SinnohYanmega
70%
UnovaAccelgor
60%
HoennAnorith
60%
HoennArmaldo
60%
GalarBlipbug
60%
GalarCentiskorch
60%
UnovaEscavalier
60%
UnovaKarrablast
60%
JohtoLedian
60%
JohtoLedyba
60%
UnovaShelmet
60%
JohtoShuckle
60%
GalarSizzlipede
60%

Score Distribution

Percentile by Number Answered

Percent of People with Each Score

Your Score History

You have not taken this quiz